000 00516nam a2200193Ia 4500
003 GCL
008 140319s9999 xx 000 0 ara d
040 _aGCL /
_cGCL
082 0 4 _a110
_bى ا
100 1 _aيوسف ميخائيل اسعد
245 1 0 _aارادة القوة /
_cيوسف ميخائيل اسعد
490 _aكتاب
_v0
650 0 4 _aالعلم
650 0 4 _aالفلسفة
650 0 4 _aالشخصية
650 0 4 _aالانثربولوجيا
650 0 4 _aالوجود
942 _2ddc
_cBK
999 _c42581
_d42581